The day of creation /

Bibliographic Details
Main Author: Ballard, J. G., 1930-2009
Format: Book
Language:English
Published: New York : Farrar, Straus, Giroux, 1988
Edition:1st American ed.

MARC

Tag First Indicator Second Indicator Subfields
LEADER 00000cam a22000008a 4500
001 in00000023766
005 20151007054324.0
008 871222r19881987nyu 00011 eng
010 |a  87037525  
020 |a 0374135274 :  |c $16.95 
035 |a (OCoLC)17324428 
035 |9 AAB4684AM 
040 |a DLC  |c DLC  |d TXA  |d UtOrBLW 
049 |a TXAM  |c [A11521456] 
050 0 0 |a PR6052.A46  |b D38 1988 
082 0 |a 823/.914  |2 19 
100 1 |a Ballard, J. G.,  |d 1930-2009. 
245 1 4 |a The day of creation /  |c J.G. Ballard. 
250 |a 1st American ed. 
263 |a 8804 
264 1 |a New York :  |b Farrar, Straus, Giroux,  |c 1988 
264 4 |c ©1987 
300 |a 253 pages 
336 |a text  |b txt  |2 rdacontent 
337 |a unmediated  |b n  |2 rdamedia 
338 |a volume  |b nc  |2 rdacarrier 
999 |a MARS 
999 f f |s a9738d4d-5130-3677-bed7-45d6951972ff  |i cba45e05-61bc-3563-bf07-7657ffe8ceea  |t 0 
952 f f |p ric  |a Texas A&M University  |b Rellis Campus  |c Joint Library Facility  |d Remote Storage  |t 0  |e PR6052.A46 D38 1988  |h Library of Congress classification  |i unmediated -- volume  |m A14811521456 
998 f f |a PR6052.A46 D38 1988  |t 0  |l Remote Storage